| 000 | 01142 a2200169 4500 | ||
|---|---|---|---|
| 003 | NUST | ||
| 005 | 20221206135059.0 | ||
| 040 | _cNust | ||
| 082 | _a157,BAS | ||
| 100 |
_aBashir,Muhammad _926319 |
||
| 245 |
_aBeing & Becoming / _cLt Col(Rtd) Muhammad bashir |
||
| 260 |
_aIslamabad _bThe Army Press _c2006 |
||
| 300 | _aii.132, p .: | ||
| 505 | _aThe Passion Pandemonium (Page-1),The Borrowed Sufficiency (Page-6), Plaintive Panting (Page-10), Stakes and Privileges (Page-16), Febrile Presumptiveness (Page-21), Impositions and Exaggeration (Page-26), Mysterious Interrogatives (Page-32), Computing the Human Circumstance (Page-37), From the Lurch (Page-43), In the Middle of Nowhere (Page-49), Emotions Exhaustion (Page-54), Insurrecsdtive Huddling (Page-58 ), The Heroics (Page-63), Passionless Pursuits (Page-69), Illusion and Reality (Page-75), Men and Events (Page-107), The Grafted Wisdom (Page-112), The Gloom Looms (Page-118), Facelessness (Page-123), Self Conceit and Vindications (Page-128),The Quickened Reveries (Page-162),The Inconswquent Digression (Page-165). | ||
| 650 |
_aBecoming _9104272 |
||
| 942 |
_2ddc _cBK _k157,BAS |
||
| 999 |
_c177008 _d177008 |
||